| 000 | 00684nam a2200217 a 4500 | ||
|---|---|---|---|
| 005 | 20230524063530.0 | ||
| 008 | 081109s2000 mx r 000 0 spa d | ||
| 020 | _a8471145308 (Ediciones MundiPrensa) | ||
| 020 | _a92-64-43779-7 | ||
| 035 | _aUPN01000166490 | ||
| 049 | _aUNE | ||
| 080 | _aOC 330.34 (035) (-77) "1995" MAN. | ||
| 245 | 0 | 0 | _aManual de la ayuda al desarrollo: Principios del CAD para una ayuda eficaz. |
| 260 | _aParís: OCDE; Madrid, España: Ediciones Mundi-Prensa, 1995. | ||
| 300 | _a190 p. | ||
| 690 |
_aDesarrollo _915150 |
||
| 690 | _aPolítica de desarrollo | ||
| 690 | _aAyuda al desarrollo | ||
| 690 | _aPaíses en desarrollo | ||
| 905 | _aUNESCO | ||
| 999 |
_c138601 _d138601 |
||